[Event "Tournoi Skype 020B"]
[Site "Skype"]
[Date "????.??.??"]
[Round "1.1"]
[White "Hernandez Lopez, Joaquin"]
[Black "Luna Perez Vico, Lorenzo"]
[Result "0-1"]
[WhiteElo "1289"]
[BlackElo "1550"]
[PlyCount "88"]

1. e4 c6 2. d4 d5 3. e5 Bf5 4. Nf3 h6 5. Bd3 Bxd3 6. Qxd3 e6 7. Nbd2 Ne7 8. O-O
Ng6 9. Re1 Nd7 10. c3 Be7 11. Nf1 Nh4 12. Nxh4 Bxh4 13. Re2 Nf8 14. Qf3 Nh7 15.
g3 Bg5 16. h4 Bxc1 17. Rxc1 Qe7 18. Qh5 Nf8 19. Rce1 g6 20. Qf3 h5 21. Qf4 Nh7
22. Nd2 O-O-O 23. Nb3 b6 24. Ra1 g5 25. Qe3 gxh4 26. gxh4 Qxh4 27. Qg3 Qg5 28.
f4 Qxg3+ 29. Rg2 Qe3+ 30. Kf1 Qxf4+ 31. Rf2 Qh4 32. Ke2 Qg4+ 33. Kd2 Ng5 34.
Rg1 Qxg1 35. Re2 h4 36. Kc2 h3 37. Nd2 h2 38. a4 h1=Q 39. Nb3 Qhh2 40. Rxh2
Rxh2+ 41. Nd2 Ne4 42. b4 Rxd2+ 43. Kb3 Qb1+ 44. Ka3 Qa2# 0-1

[Event "Tournoi Skype 020B"]
[Site "Skype"]
[Date "????.??.??"]
[Round "1.2"]
[White "Fernandez Cabello, Emilio"]
[Black "Vello, Pablo"]
[Result "1-0"]
[WhiteElo "1520"]
[BlackElo "1289"]
[PlyCount "63"]

1. e4 c5 2. Nc3 e6 3. f4 d6 4. Nf3 Nf6 5. Bc4 Bd7 6. O-O a6 7. a4 Nc6 8. d3 Be7
9. Qe1 O-O 10. e5 dxe5 11. Nxe5 Nxe5 12. fxe5 Ng4 13. Qe4 Nh6 14. Qxb7 Nf5 15.
Qe4 Nd4 16. Qg4 Re8 17. Rf2 Bc6 18. Ne4 Bxe4 19. Qxe4 Qb6 20. b3 Rec8 21. Be3
Nc6 22. Raf1 Rf8 23. Bf4 Nd8 24. Bd2 Rc8 25. Rf3 Qc6 26. Qg4 g6 27. Bh6 Re8 28.
Rxf7 Nxf7 29. Bxe6 Rcd8 30. Rxf7 Kh8 31. Bg7+ Kg8 32. Rxe7+ 1-0

[Event "Tournoi Skype 020B"]
[Site "Skype"]
[Date "????.??.??"]
[Round "1.4"]
[White "Gerbaux, Regis"]
[Black "Maccaferri, Massimo"]
[Result "1-0"]
[WhiteElo "1505"]
[BlackElo "1261"]
[PlyCount "45"]

1. e4 e5 2. Nf3 Nc6 3. Bc4 Nd4 4. Nxe5 Qg5 5. Ng4 h5 6. c3 d5 7. d3 Qg6 8. cxd4
dxc4 9. dxc4 Bxg4 10. f3 Be6 11. Qe2 O-O-O 12. Be3 Bb4+ 13. Nd2 a6 14. d5 Bd7
15. a3 Bxd2+ 16. Qxd2 Be6 17. O-O-O c6 18. Qd4 cxd5 19. Qc5+ Kd7 20. cxd5 Rc8
21. dxe6+ Ke8 22. Qxc8+ Ke7 23. Qd8+ 1-0

[Event "Tournoi Skype 020B"]
[Site "Skype"]
[Date "????.??.??"]
[Round "1.5"]
[White "Diaz, Jose Garcia"]
[Black "Aceituno, Stebe"]
[Result "1-0"]
[WhiteElo "1251"]
[BlackElo "1491"]
[PlyCount "59"]

1. e4 c5 2. Nf3 d6 3. c3 Nc6 4. Bb5 a6 5. Bxc6+ bxc6 6. O-O Nf6 7. Re1 e5 8. d4
Bg4 9. dxe5 Bxf3 10. Qxf3 dxe5 11. Bg5 Be7 12. Na3 O-O 13. Nc4 h6 14. Bh4 Qc7
15. Bg3 Bd6 16. Rad1 Rad8 17. Rd2 Rd7 18. Red1 Be7 19. Bxe5 Qc8 20. Bxf6 Rxd2
21. Rxd2 Bxf6 22. e5 Be7 23. h3 Qe6 24. b3 Re8 25. Qe2 Qf5 26. Qf3 Qb1+ 27. Kh2
Qxa2 28. Rxa2 f6 29. Qxc6 fxe5 30. Qxe8+ 1-0

[Event "Tournoi Skype 020B"]
[Site "Skype"]
[Date "????.??.??"]
[Round "1.6"]
[White "Junqueira, Leonardo De Faria"]
[Black "Levantini, Claudio"]
[Result "0-1"]
[WhiteElo "1489"]
[BlackElo "1242"]
[PlyCount "114"]

1. e4 Nf6 2. e5 Nd5 3. c4 Nb6 4. Nc3 d6 5. d4 dxe5 6. dxe5 Qxd1+ 7. Nxd1 Nc6 8.
Bf4 Bf5 9. Nc3 Nb4 10. O-O-O Rd8 11. Rxd8+ Kxd8 12. b3 e6 13. Be2 Bc5 14. Bg3
Kc8 15. Nf3 Rd8 16. Rd1 h6 17. Rxd8+ Kxd8 18. Nd2 Bd4 19. Nde4 Nxa2+ 20. Nxa2
Bxe4 21. f3 Bg6 22. Nb4 Nd7 23. f4 Be4 24. Nc2 Bc3 25. Bf3 Bxf3 26. gxf3 g5 27.
fxg5 hxg5 28. f4 gxf4 29. Bxf4 Bxe5 30. Bxe5 Nxe5 31. h3 f5 32. Kd2 f4 33. Ke2
Ng6 34. Kf3 Ke7 35. Nb4 Kf6 36. Nd3 Kf5 37. b4 Nh4+ 38. Kf2 c6 39. Nc5 b6 40.
Nd3 e5 41. Ne1 e4 42. Nc2 e3+ 43. Nxe3+ fxe3+ 44. Kxe3 Ke5 45. Kd3 a6 46. Ke3
c5 47. bxc5 bxc5 48. Kd3 a5 49. Kc3 a4 50. Kb2 Kd4 51. Ka3 Kxc4 52. Kxa4 Kc3
53. Ka3 c4 54. Ka2 Kc2 55. Ka1 c3 56. Ka2 Kd2 57. Kb1 c2+ 0-1

[Event "Tournoi Skype 020B"]
[Site "Skype"]
[Date "????.??.??"]
[Round "1.7"]
[White "Bucherie, Volcy"]
[Black "Malbec, Robert"]
[Result "1-0"]
[WhiteElo "1236"]
[BlackElo "1477"]
[PlyCount "49"]

1. d4 d5 2. c4 c6 3. Nc3 Nf6 4. g3 Bg4 5. Nf3 Bxf3 6. exf3 e6 7. f4 Bb4 8. Bd2
O-O 9. Bg2 dxc4 10. O-O Qxd4 11. Qc2 Qd8 12. Rac1 b5 13. Rfd1 Qb6 14. Be3 Bc5
15. Bxc5 Qxc5 16. a4 a6 17. axb5 axb5 18. Ne4 Nxe4 19. Bxe4 Na6 20. Bxh7+ Kh8
21. Kg2 f5 22. Bg6 Nb4 23. Qe2 Qe7 24. Qh5+ Kg8 25. Qh7# 1-0

[Event "Tournoi Skype 020B"]
[Site "Skype"]
[Date "????.??.??"]
[Round "1.8"]
[White "Hargez, Dany"]
[Black "Moumtaz, Abderrahim"]
[Result "1-0"]
[WhiteElo "1462"]
[BlackElo "1217"]
[PlyCount "29"]

1. e4 e5 2. Nf3 Nf6 3. Nc3 Nc6 4. Bb5 Be7 5. Bxc6 dxc6 6. Nxe5 O-O 7. d4 c5 8.
d5 b6 9. Nc6 Qd7 10. Bg5 Bb7 11. Ne5 Qd8 12. O-O Bd6 13. Ng4 Be7 14. Bxf6 Bxf6
15. e5 1-0

[Event "Tournoi Skype 020B"]
[Site "Skype"]
[Date "????.??.??"]
[Round "1.9"]
[White "Gieschen, Mike"]
[Black "Escudero Ocana, Francisco"]
[Result "1/2-1/2"]
[WhiteElo "1212"]
[BlackElo "1446"]
[PlyCount "94"]

1. Nf3 d5 2. d4 c6 3. Bf4 Nf6 4. e3 Bg4 5. Be2 Nbd7 6. h3 Bxf3 7. Bxf3 e6 8.
O-O Nb6 9. Nd2 Rc8 10. b3 c5 11. c4 cxd4 12. exd4 Bb4 13. c5 Bxd2 14. Qxd2 Nbd7
15. Bg5 O-O 16. Bxf6 Nxf6 17. b4 b6 18. a4 bxc5 19. dxc5 e5 20. g4 h6 21. Bg2
e4 22. Rfc1 Nd7 23. Qxd5 Nf6 24. Qxd8 Rfxd8 25. b5 Rd4 26. b6 axb6 27. c6 Nd5
28. f3 Nf4 29. Rc2 e3 30. Bf1 Rd2 31. Raa2 Rxc6 32. Rxd2 exd2 33. Rxd2 Rc1 34.
Kf2 Ra1 35. Bb5 Nxh3+ 36. Kg3 Ng5 37. Rd6 Rg1+ 38. Kf4 Ne6+ 39. Ke5 g6 40. Rxb6
Re1+ 41. Kf6 Re3 42. Rb8+ Nf8 43. Bc4 Rxf3+ 44. Ke7 Re3+ 45. Kf6 Rf3+ 46. Ke7
Re3+ 47. Kf6 Rf3+ 1/2-1/2

[Event "Tournoi Skype 020B"]
[Site "Skype"]
[Date "????.??.??"]
[Round "1.10"]
[White "Hernandez, George"]
[Black "Vervoort, Jean-Louis"]
[Result "1/2-1/2"]
[WhiteElo "1443"]
[BlackElo "1209"]
[PlyCount "49"]

1. e4 e5 2. Nf3 Nc6 3. Bc4 h6 4. d4 d6 5. O-O Nf6 6. Nc3 Be7 7. d5 Na5 8. Bb5+
c6 9. dxc6 bxc6 10. Ba4 O-O 11. b4 Nc4 12. Bxc6 Rb8 13. Bb5 Be6 14. Qd3 Qc7 15.
a3 Rb7 16. Nd2 Nxd2 17. Bxd2 Ra8 18. Ba6 Rb6 19. Be3 Rc6 20. Nb5 Qd7 21. f4 Bc4
22. Qd2 Bxf1 23. Rxf1 Rxa6 24. Qd3 Rb8 25. c4 1/2-1/2

[Event "Tournoi Skype 020B"]
[Site "Skype"]
[Date "????.??.??"]
[Round "1.11"]
[White "Lecluyse, Koenraad"]
[Black "Kruk, Clementine"]
[Result "0-1"]
[WhiteElo "1208"]
[BlackElo "1443"]
[PlyCount "90"]

1. d4 d5 2. Nf3 Nf6 3. Bf4 Bf5 4. e3 Nc6 5. Bd3 Bg6 6. O-O e6 7. Re1 Bd6 8. Bg3
Ne4 9. Bxe4 Bxe4 10. Nbd2 Bxg3 11. hxg3 Qd6 12. c4 b6 13. Ne5 Nxe5 14. dxe5
Qxe5 15. Qa4+ Ke7 16. Qb4+ c5 17. Qb5 Rhd8 18. Rac1 d4 19. exd4 Rxd4 20. Nb3
Rd6 21. f3 a6 22. Qa4 Bc6 23. Qxc6 Qxe1+ 24. Rxe1 Rxc6 25. Nd2 Rd8 26. Ne4 f5
27. Ng5 h6 28. Nh3 Rd2 29. Rb1 Rcd6 30. Nf2 R6d4 31. g4 Rxc4 32. gxf5 Rcc2 33.
Ne4 Rxg2+ 34. Kf1 exf5 35. Nc3 Rgf2+ 36. Kg1 Kd6 37. Nd1 Rg2+ 38. Kf1 Rh2 39.
Kg1 g5 40. Ne3 Rxb2 41. Rxb2 Rxb2 42. Nxf5+ Ke5 43. Nxh6 Kf4 44. Kf1 Kxf3 45.
Ke1 Rxa2 0-1

[Event "Tournoi Skype 020B"]
[Site "Skype"]
[Date "????.??.??"]
[Round "1.12"]
[White "Milanese, Serge"]
[Black "Homme, Jim"]
[Result "0-1"]
[WhiteElo "1442"]
[BlackElo "1204"]
[PlyCount "68"]

1. d4 Nf6 2. c4 d5 3. Nc3 Nbd7 4. e3 e6 5. a3 c5 6. Nf3 Be7 7. Bd3 O-O 8. b4
cxd4 9. exd4 b6 10. O-O Ba6 11. b5 Bb7 12. Re1 Qc7 13. Ne5 Bd6 14. Bf4 Bxe5 15.
Bxe5 Nxe5 16. dxe5 Nd7 17. Qh5 h6 18. f4 Nc5 19. Bc2 d4 20. Ne4 d3 21. Nf6+
gxf6 22. Bb1 Nb3 23. Bxd3 Nxa1 24. Qxh6 f5 25. Rxa1 Rad8 26. Rd1 Qc6 27. Qh3
Qxg2+ 28. Qxg2+ Bxg2 29. Kxg2 Rd4 30. Kf3 Rfd8 31. Ke3 R4d7 32. h4 Kh7 33. Be2
Rxd1 34. Bxd1 Rxd1 0-1

[Event "Tournoi Skype 020B"]
[Site "Skype"]
[Date "????.??.??"]
[Round "1.13"]
[White "Cengiz, Ali Ekber"]
[Black "De Nobrega, George"]
[Result "0-1"]
[WhiteElo "1200"]
[BlackElo "1435"]
[PlyCount "60"]

1. e4 e5 2. Nf3 d6 3. d4 exd4 4. Nxd4 Nf6 5. c3 Nxe4 6. Bb5+ Bd7 7. Qb3 Bxb5 8.
Qxb5+ c6 9. Qxb7 Nd7 10. Qxc6 Nef6 11. O-O Be7 12. Nb5 O-O 13. Nd4 Ne5 14. Qa4
Nd3 15. Be3 Nxb2 16. Qa6 Qc7 17. Nb5 Qd7 18. N1a3 Nd3 19. Rad1 Ne5 20. Bf4 Qf5
21. Nc7 Rac8 22. Nd5 Nxd5 23. Rxd5 Qxf4 24. Rd4 Qg5 25. Qe2 Qf6 26. Nb5 a6 27.
Na3 Rxc3 28. Nb1 Rc7 29. Nd2 Rc2 30. g3 Nf3+ 0-1

[Event "Tournoi Skype 020B"]
[Site "Skype"]
[Date "????.??.??"]
[Round "1.14"]
[White "Martin, Jean-Claude"]
[Black "Amato, Ludovica"]
[Result "1/2-1/2"]
[WhiteElo "1434"]
[BlackElo "1198"]
[PlyCount "71"]

1. d4 d5 2. c4 c6 3. Nc3 Nf6 4. Nf3 Bf5 5. cxd5 cxd5 6. Qb3 Qb6 7. Nxd5 Nxd5 8.
Qxd5 e6 9. Qb3 Qc7 10. e3 Nd7 11. Qb5 a6 12. Qc4 Qb6 13. a3 Bd6 14. Bd3 O-O 15.
Bxf5 exf5 16. O-O Rac8 17. Qe2 Rfe8 18. Ng5 h6 19. Nh3 Qxd4 20. exd4 Rxe2 21.
b4 Nf6 22. Bf4 Bxf4 23. Nxf4 Re4 24. g3 Rxd4 25. Rfc1 Rdc4 26. Nd3 Ne4 27. Rxc4
Rxc4 28. Rc1 Rxc1+ 29. Nxc1 Kf8 30. Nd3 b6 31. a4 a5 32. bxa5 bxa5 33. f3 Nc3
34. Nc5 Ke7 35. Nb7 Nxa4 36. Nxa5 1/2-1/2

[Event "Tournoi Skype 020B"]
[Site "Skype"]
[Date "????.??.??"]
[Round "1.15"]
[White "Delmonte, Davide"]
[Black "Bouffard, Georges"]
[Result "1-0"]
[WhiteElo "1195"]
[BlackElo "1432"]
[PlyCount "77"]

1. e4 e6 2. Nf3 d6 3. Bc4 g6 4. d4 Bg7 5. c3 Ne7 6. O-O c6 7. Qb3 Qb6 8. Bf4
Qxb3 9. axb3 b5 10. Bd3 Bf6 11. Bxd6 Nd7 12. c4 a6 13. cxb5 O-O 14. bxa6 Nb6
15. e5 Ned5 16. exf6 Re8 17. Re1 Nxf6 18. Ne5 Nbd5 19. Nxc6 Bd7 20. Ne5 h5 21.
Nxd7 Nxd7 22. Nc3 N5b6 23. Be4 Ra7 24. Nb5 Nf6 25. Nxa7 Nxe4 26. Rxe4 f5 27.
Ree1 Ra8 28. Nb5 Kf7 29. Nc7 Rd8 30. Rxe6 Rxd6 31. Rxd6 Nc8 32. Rd7+ Kf6 33. f4
g5 34. a7 Nb6 35. Ra6 gxf4 36. Rxb6+ Kg5 37. Rg7+ Kh4 38. a8=Q f3 39. Qd8# 1-0

[Event "Tournoi Skype 020B"]
[Site "Skype"]
[Date "????.??.??"]
[Round "1.16"]
[White "Kruzeniski, Randy"]
[Black "Douichi, Mohammed"]
[Result "1-0"]
[WhiteElo "1425"]
[BlackElo "1192"]
[PlyCount "61"]

1. d4 d5 2. Nf3 Nc6 3. e3 e6 4. a3 Nf6 5. Bd3 Bd6 6. h3 O-O 7. O-O a6 8. b3 a5
9. Bb2 b6 10. Nbd2 Ba6 11. c4 dxc4 12. Nxc4 Bxc4 13. Bxc4 Na7 14. Ne5 c6 15. f4
b5 16. Bd3 Nd5 17. Qe1 c5 18. Rc1 b4 19. a4 Be7 20. dxc5 Bh4 21. g3 Bxg3 22.
Qxg3 Nf6 23. Kh2 Nh5 24. Qg4 Nf6 25. Qg2 Nd5 26. Nc6 f6 27. Nxd8 Nxe3 28. Qxa8
Nxf1+ 29. Rxf1 f5 30. Qxa7 e5 31. Bxe5 1-0

[Event "Tournoi Skype 020B"]
[Site "Skype"]
[Date "????.??.??"]
[Round "1.17"]
[White "Lequeux, Pierre"]
[Black "Sommadossi, Roberto"]
[Result "0-1"]
[WhiteElo "1180"]
[BlackElo "1423"]
[PlyCount "66"]

1. e4 c5 2. d3 Nc6 3. Nf3 d6 4. h3 g6 5. Be3 Bg7 6. c3 Nf6 7. Be2 O-O 8. O-O
Bd7 9. Nbd2 b5 10. a3 Rc8 11. Qb3 Na5 12. Qd1 d5 13. e5 Ne8 14. b4 cxb4 15.
cxb4 Nc6 16. d4 a6 17. a4 Nxb4 18. a5 Nc2 19. Rc1 Nxe3 20. Rxc8 Qxc8 21. fxe3
Qc3 22. Kf2 Bh6 23. Ke1 Bxe3 24. Rh1 Ng7 25. g4 h5 26. Rh2 hxg4 27. hxg4 Bxg4
28. Rg2 Bh5 29. Rh2 Nf5 30. Ng5 Bxg5 31. Bxh5 Qg3+ 32. Rf2 Qg1+ 33. Ke2 Nxd4+
0-1

[Event "Tournoi Skype 020B"]
[Site "Skype"]
[Date "????.??.??"]
[Round "1.18"]
[White "Zenini, Simone"]
[Black "Alverson, Ginny"]
[Result "1-0"]
[WhiteElo "1420"]
[BlackElo "1146"]
[PlyCount "31"]

1. e4 c5 2. Nf3 d6 3. d4 cxd4 4. Nxd4 Nc6 5. Bb5 Bd7 6. Bxc6 Bxc6 7. Nc3 Nf6 8.
Nxc6 bxc6 9. O-O d5 10. exd5 cxd5 11. Qd4 Qd6 12. Bf4 e5 13. Bxe5 Nd7 14. Bxd6
Bxd6 15. Rfe1+ Be7 16. Nxd5 1-0

[Event "Tournoi Skype 020B"]
[Site "Skype"]
[Date "????.??.??"]
[Round "1.19"]
[White "Baker, Abi"]
[Black "Marino, Giuseppe"]
[Result "1-0"]
[WhiteElo "1118"]
[BlackElo "1418"]
[PlyCount "89"]

1. c4 e5 2. Nc3 c6 3. g3 Nf6 4. Bg2 d6 5. e3 Be7 6. Nge2 O-O 7. O-O Be6 8. d3
d5 9. b3 Qd7 10. f4 Bd6 11. cxd5 Nxd5 12. Nxd5 Bxd5 13. Bxd5 cxd5 14. Bb2 exf4
15. exf4 Re8 16. Qd2 Bf8 17. f5 f6 18. Nf4 Qxf5 19. Qa5 Na6 20. Qxd5+ Qxd5 21.
Nxd5 Rad8 22. Bxf6 Rxd5 23. Bxg7 Bxg7 24. Rad1 Nc5 25. Rf3 Re2 26. b4 Ne6 27.
a4 b6 28. b5 Ng5 29. Rf4 Nh3+ 30. Kf1 Nxf4 31. gxf4 Rxh2 32. Kg1 Rh4 33. Kf2
Rxf4+ 34. Ke3 Bh6 35. Rg1+ Kf7 36. Rh1 Rh4+ 37. Kf3 Rxh1 38. Ke4 Rhh5 39. d4
Bg7 40. Kd3 Rxd4+ 41. Kc3 Rh3+ 42. Kb2 Rxa4+ 43. Kc2 Rh2+ 44. Kb3 Rah4 45. Ka3
1-0

[Event "Tournoi Skype 020B"]
[Site "Skype"]
[Date "????.??.??"]
[Round "1.20"]
[White "Mordaa, Ahmad"]
[Black "Scata, Laura"]
[Result "1-0"]
[WhiteElo "1413"]
[BlackElo "1058"]
[PlyCount "69"]

1. e4 d5 2. exd5 Qxd5 3. Nc3 Qa5 4. d4 Nf6 5. Bd2 c6 6. Nf3 Bg4 7. h3 Bh5 8.
Ne4 Qf5 9. Nxf6+ Qxf6 10. g4 Bg6 11. Ne5 e6 12. Nxg6 Qxg6 13. Bd3 f5 14. gxf5
exf5 15. Qe2+ Be7 16. Bb4 Qf6 17. O-O-O Nd7 18. Rde1 c5 19. dxc5 Ne5 20. Qxe5
Qxe5 21. Rxe5 Kf8 22. Bxf5 Rd8 23. Be6 Bf6 24. Re4 Bg5+ 25. f4 Be7 26. c3 h6
27. Rd4 Rb8 28. Rd7 Ke8 29. Rhd1 Rf8 30. f5 Rf6 31. Rc7 Bd8 32. Rxg7 Rf8 33. c6
Bg5+ 34. Kc2 Rf6 35. Rg8+ 1-0

[Event "Tournoi Skype 020B"]
[Site "Skype"]
[Date "????.??.??"]
[Round "1.21"]
[White "Yilmazer, Seher"]
[Black "Briere, Jean"]
[Result "0-1"]
[WhiteElo "1043"]
[BlackElo "1390"]
[PlyCount "54"]

1. e4 e5 2. d4 exd4 3. Nf3 Bc5 4. Bc4 d6 5. Ng5 Nh6 6. Qh5 Qf6 7. O-O Nc6 8.
Nc3 dxc3 9. bxc3 Ne5 10. Bd5 c6 11. Bb3 Nhg4 12. Bd2 Nxf2 13. Rae1 Qg6 14. Qxg6
hxg6 15. Bxf7+ Nxf7 16. h4 Nd3+ 17. Re3 Bxe3+ 18. Bxe3 Nxg5 19. hxg5 Ne5 20.
Bf4 Ke7 21. c4 Nxc4 22. a4 b6 23. e5 Nxe5 24. a5 Ba6 25. Rf2 Raf8 26. Bg3 Ng4
27. Rd2 Rf1# 0-1

[Event "Tournoi Skype 020B"]
[Site "Skype"]
[Date "????.??.??"]
[Round "1.23"]
[White "Bacha, Mehdi"]
[Black "Vincent, Andre"]
[Result "1/2-1/2"]
[WhiteElo "1030"]
[BlackElo "1386"]
[PlyCount "74"]

1. d4 Nf6 2. f4 e6 3. e3 d5 4. Nf3 Nbd7 5. Bd3 Be7 6. O-O O-O 7. Ne5 b6 8. c3
Bb7 9. Nd2 c5 10. Ndf3 cxd4 11. cxd4 h6 12. Nxd7 Nxd7 13. Ne5 Nf6 14. a3 a6 15.
Bd2 Nd7 16. Qe2 Qe8 17. Rae1 Nxe5 18. fxe5 Qd7 19. Rf3 b5 20. Ref1 Bg5 21. Bc2
g6 22. Bb4 Be7 23. Bxe7 Qxe7 24. Rh3 Kg7 25. Bd3 Rac8 26. Rhf3 Rc7 27. R3f2 Qg5
28. Qf3 f6 29. Qg3 Qxg3 30. hxg3 f5 31. g4 Rcf7 32. b4 fxg4 33. Rxf7+ Rxf7 34.
Rxf7+ Kxf7 35. g3 g5 36. Be2 Ke7 37. Bxg4 Bc8 1/2-1/2

[Event "Tournoi Skype 020B"]
[Site "Skype"]
[Date "????.??.??"]
[Round "1.25"]
[White "Tekes, Gamze"]
[Black "Dubois, Real"]
[Result "0-1"]
[WhiteElo "1007"]
[BlackElo "1381"]
[PlyCount "66"]

1. e4 e5 2. Nf3 d6 3. Nc3 Nf6 4. d4 exd4 5. Nxd4 Be7 6. Bc4 c6 7. O-O O-O 8. a4
b6 9. Nf3 Bg4 10. Ne2 Bxf3 11. gxf3 Nbd7 12. Nd4 Ne5 13. Bb3 c5 14. Nb5 a6 15.
Nc3 Rc8 16. f4 Ng6 17. f5 Ne5 18. f4 Ned7 19. Ne2 c4 20. Ba2 Nxe4 21. Rf3 Ndc5
22. Qe1 Nb7 23. Rh3 Nf6 24. b3 cxb3 25. Bxb3 Nc5 26. Bc4 Kh8 27. Bb2 Nce4 28.
Qf1 Rxc4 29. Qg2 Rg8 30. Rf1 Rxc2 31. Bd4 a5 32. Rff3 Rd2 33. Kf1 Rd1# 0-1

[Event "Tournoi Skype 020B"]
[Site "Skype"]
[Date "????.??.??"]
[Round "1.26"]
[White "Chavero, Victor"]
[Black "Balasana"]
[Result "1-0"]
[WhiteElo "1376"]
[BlackElo "1000"]
[PlyCount "61"]

1. d4 Nf6 2. Nf3 Nc6 3. e3 e5 4. dxe5 Bb4+ 5. c3 Ba5 6. exf6 Qxf6 7. Be2 O-O 8.
O-O d5 9. Qxd5 Qf5 10. Qxf5 Bxf5 11. b4 Bb6 12. c4 a6 13. c5 Ba7 14. Bd2 b5 15.
Nh4 Bd7 16. Bc3 f6 17. Rd1 Rad8 18. Na3 Bc8 19. Bf3 Bd7 20. Rd2 Nb8 21. Rad1 c6
22. h3 g5 23. Nf5 a5 24. bxa5 Bxc5 25. Nc2 Rde8 26. Bb4 Bxb4 27. Nxb4 Bxf5 28.
Rd6 c5 29. Nc6 h5 30. Bxh5 Nxc6 31. Bxe8 1-0

[Event "Tournoi Skype 020B"]
[Site "Skype"]
[Date "????.??.??"]
[Round "1.27"]
[White "Borg, Anthony"]
[Black "Ramirez Reina, Orlando"]
[Result "0-1"]
[WhiteElo "1000"]
[BlackElo "1372"]
[PlyCount "44"]

1. e4 c5 2. Nf3 e6 3. c4 Nc6 4. d3 d6 5. Be2 Nf6 6. Be3 Be7 7. a3 Ng4 8. Qd2
Nxe3 9. Qxe3 Bf6 10. Nc3 Bxc3+ 11. bxc3 Qf6 12. d4 cxd4 13. cxd4 b6 14. Rd1 O-O
15. h4 Re8 16. h5 Bb7 17. d5 exd5 18. cxd5 Ne7 19. g4 h6 20. g5 hxg5 21. Nxg5
Nxd5 22. exd5 Rxe3 0-1

[Event "Tournoi Skype 020B"]
[Site "Skype"]
[Date "????.??.??"]
[Round "1.28"]
[White "Khatanhar, Mohit"]
[Black "Gagnon, Sindy"]
[Result "1-0"]
[WhiteElo "1369"]
[BlackElo "1000"]
[PlyCount "67"]

1. e4 Nc6 2. Nf3 e6 3. e5 d6 4. exd6 Qxd6 5. d3 e5 6. Nc3 Qg6 7. Be3 Be7 8. Nd5
Bd6 9. Nc3 b6 10. Ne4 Bb4+ 11. c3 Bc5 12. Nxc5 bxc5 13. Bxc5 Nf6 14. Nh4 Qg5
15. Nf3 Qg6 16. g3 Rb8 17. Rb1 Rb5 18. d4 exd4 19. Bxb5 Bb7 20. Bxc6+ Bxc6 21.
O-O Qh6 22. Ne5 Be4 23. Rc1 Nd5 24. f3 Bf5 25. Qe2 Ne3 26. Rf2 Nd5 27. Re1 Qf6
28. Ng4+ Kd7 29. Nxf6+ gxf6 30. Qb5+ c6 31. Qb7+ Nc7 32. Rfe2 Re8 33. Re7+ Kd8
34. Qxc7# 1-0

[Event "Tournoi Skype 020B"]
[Site "Skype"]
[Date "????.??.??"]
[Round "1.29"]
[White "Gonzalez, Ivan"]
[Black "Bhandari, Dattatrey"]
[Result "0-1"]
[WhiteElo "1000"]
[BlackElo "1361"]
[PlyCount "66"]

1. e4 c5 2. Bc4 a6 3. Qf3 e6 4. Nc3 Nc6 5. Nge2 Ne5 6. Qd3 Nxd3+ 7. Bxd3 Qc7 8.
Bc4 Nf6 9. d3 b5 10. Bb3 Bb7 11. f3 Bd6 12. Be3 c4 13. dxc4 bxc4 14. Ba4 Bc5
15. Bf4 e5 16. Bg3 Be3 17. Nd1 Bf4 18. b4 Qd6 19. a3 Qd2+ 20. Kf1 a5 21. c3
axb4 22. axb4 Rxa4 23. Rxa4 Qxd1+ 24. Be1 Qxa4 25. g3 Be3 26. h4 Qa1 27. Kg2
Qa2 28. Bf2 Bxf2 29. Kxf2 d5 30. Ke3 dxe4 31. fxe4 Bxe4 32. Nc1 Qg2 33. Re1
Ng4# 0-1

[Event "Tournoi Skype 020B"]
[Site "Skype"]
[Date "????.??.??"]
[Round "1.30"]
[White "Battaglia, Gabriele"]
[Black "Jogi, Kalpesh"]
[Result "0-1"]
[WhiteElo "1360"]
[BlackElo "1000"]
[PlyCount "94"]

1. e4 d5 2. e5 e6 3. d4 Nc6 4. Nf3 f6 5. Bf4 fxe5 6. Bxe5 Nxe5 7. Nxe5 Bd6 8.
c3 Bxe5 9. dxe5 Ne7 10. Qh5+ g6 11. Qf3 Nf5 12. Bd3 O-O 13. Qh3 Qg5 14. O-O c5
15. Nd2 Qxd2 16. Rab1 Bd7 17. Rfe1 Bc6 18. Bxf5 Rxf5 19. Qe3 Qxe3 20. Rxe3 Raf8
21. f3 d4 22. Ree1 d3 23. c4 Rd8 24. Kf2 Rd4 25. b3 Be4 26. Kg3 d2 27. Rxe4
d1=Q 28. Rxd1 Rxd1 29. Re2 Rf7 30. f4 Rfd7 31. Kf2 R1d2 32. g4 Rxe2+ 33. Kxe2
Rd4 34. f5 gxf5 35. gxf5 exf5 36. Ke3 Re4+ 37. Kf3 Rxe5 38. Kf4 Re2 39. Kxf5
Rxa2 40. Ke5 Rxh2 41. Kd6 b6 42. Kc6 Ra2 43. Kb5 h5 44. b4 cxb4 45. Kxb4 h4 46.
Kb3 Ra5 47. Kb4 h3 0-1

[Event "Tournoi Skype 020B"]
[Site "Skype"]
[Date "????.??.??"]
[Round "1.31"]
[White "Khunte, Aniruddha"]
[Black "Torres, Vicky"]
[Result "1-0"]
[WhiteElo "1000"]
[BlackElo "1359"]
[PlyCount "73"]

1. e4 c5 2. Nf3 d6 3. d4 e6 4. dxc5 dxc5 5. Qxd8+ Kxd8 6. Ne5 Nh6 7. Bxh6 gxh6
8. Nxf7+ Kc7 9. Nxh8 Nc6 10. Bc4 Ne5 11. Bb3 c4 12. Ba4 a6 13. Be8 Kd6 14. O-O
Ke7 15. Bh5 Bg7 16. f4 Nc6 17. Nd2 Bxb2 18. Rab1 Bxh8 19. Nxc4 Bd4+ 20. Kh1 b5
21. Nd2 Bb7 22. Nf3 Be3 23. f5 e5 24. Rbe1 Ba7 25. Nh4 Nb4 26. f6+ Ke6 27. f7
Ke7 28. f8=Q+ Rxf8 29. Rxf8 Kxf8 30. Rf1+ Ke7 31. Rf7+ Kd6 32. Rxb7 Bd4 33.
Nf5+ Kc5 34. Nxd4 Kxd4 35. a4 Nxc2 36. axb5 Kxe4 37. bxa6 1-0

[Event "Tournoi Skype 020B"]
[Site "Skype"]
[Date "????.??.??"]
[Round "1.32"]
[White "Guillaume, Mickael"]
[Black "Marty, Yvette"]
[Result "1-0"]
[WhiteElo "1353"]
[BlackElo "1000"]
[PlyCount "55"]

1. e4 e5 2. Nf3 Nc6 3. Bc4 d5 4. Bxd5 Nce7 5. Bc4 Bg4 6. h3 Bh5 7. g4 Bg6 8. d3
Nc6 9. a3 Na5 10. Nxe5 b5 11. Bd5 c6 12. Nxc6 Nf6 13. Nxd8 Rxd8 14. Nc3 Be7 15.
Bf4 h6 16. Bc7 Rc8 17. Bxa5 O-O 18. Nxb5 a6 19. Na7 Rc5 20. Bb4 Rc7 21. Bxe7
Rxe7 22. Nc6 Ree8 23. Bb3 h5 24. g5 Nh7 25. h4 Re6 26. Bxe6 fxe6 27. Ne7+ Kf7
28. Nxg6 1-0

[Event "Tournoi Skype 020B"]
[Site "Skype"]
[Date "????.??.??"]
[Round "1.33"]
[White "Mimouni, Driss"]
[Black "Porcabeuf, Jean-Marc"]
[Result "0-1"]
[WhiteElo "1000"]
[BlackElo "1337"]
[PlyCount "38"]

1. e4 e5 2. a4 a5 3. b3 Nf6 4. c4 Bc5 5. Bb2 Nxe4 6. Bxe5 Nc6 7. d3 Nxf2 8. Qf3
Nxe5 9. Qf5 Qe7 10. Be2 Nxh1 11. Bh5 O-O 12. Nf3 Nxf3+ 13. Kd1 Nf2+ 14. Kc1
Qe1+ 15. Kc2 Nd4+ 16. Kb2 Nxf5 17. Nc3 Nxd3+ 18. Ka2 Qd2+ 19. Kb1 Qxc3 0-1

[Event "Tournoi Skype 020B"]
[Site "Skype"]
[Date "????.??.??"]
[Round "1.34"]
[White "Bustos, Ricardo"]
[Black "Sahrane, Rayane"]
[Result "1-0"]
[WhiteElo "1318"]
[BlackElo "1000"]
[PlyCount "65"]

1. c4 g5 2. d4 e6 3. Nc3 d6 4. Nf3 Na6 5. Bxg5 Be7 6. Bd2 Nb4 7. Qa4+ Bd7 8.
Qxb4 Nh6 9. Bxh6 c6 10. Qb3 Qb6 11. Qc2 e5 12. dxe5 dxe5 13. Nxe5 c5 14. Nxd7
Kxd7 15. Nd5 Rhg8 16. Nxb6+ axb6 17. Rd1+ Bd6 18. Bf4 Rg6 19. e4 Rf6 20. e5 Re6
21. Be2 b5 22. exd6 Rxd6 23. Rxd6+ Ke7 24. cxb5 Ra5 25. Qe4+ Kf8 26. Qxh7 Rxb5
27. Bh6+ Ke8 28. Bxb5+ Ke7 29. Rd7+ Ke6 30. Qxf7+ Ke5 31. f4+ Ke4 32. Ke2 b6
33. Qe6# 1-0

[Event "Tournoi Skype 020B"]
[Site "Skype"]
[Date "????.??.??"]
[Round "1.35"]
[White "Sahrane, Yani"]
[Black "Farfallini, Michel"]
[Result "0-1"]
[WhiteElo "1000"]
[BlackElo "1316"]
[PlyCount "50"]

1. e4 e5 2. d3 Nc6 3. Be3 Nf6 4. Nf3 d5 5. Nc3 d4 6. Nb1 dxe3 7. fxe3 Bc5 8. d4
exd4 9. exd4 Nxd4 10. Nxd4 Bxd4 11. Qd3 O-O 12. c3 Bb6 13. Be2 Bg4 14. Rf1 Bxe2
15. Kxe2 Nxe4 16. Qxe4 Re8 17. Nd2 Rxe4+ 18. Nxe4 Qh4 19. Nf2 Re8+ 20. Ne4 Qg4+
21. Rf3 Qxg2+ 22. Rf2 Qxf2+ 23. Kd3 Qe3+ 24. Kc4 Qxe4+ 25. Kb5 a6# 0-1